000 00677nam a2200289Ia 4500
005 20260324123301.0
008 008 260324s9999 xx 000 0 eng d
020 _a9781315592572
037 _aEBOOK
040 _aCRL
040 _beng
040 _cCRL
041 _2eng
041 _aeng
084 _qCRL
100 _aKatharine Burkitt
_91169725
245 0 _aLiterary Form as Postcolonial Critique
245 0 _bEpic Proportions
260 _bTaylor and Francis
260 _c2012
365 _a
365 _b240
856 _uhttp://www.taylorfrancis.com/books/9781315592572
942 _cEBOOK
999 _c1763116
_d1763116